SCIENCE FICTION STORIES (Record no. 392690)

MARC details
000 -LEADER
fixed length control field 00372nam a2200157Ia 4500
008 - FIXED-LENGTH DATA ELEMENTS--GENERAL INFORMATION
fixed length control field 100122s9999 xx 000 0 und d
082 ## - DEWEY DECIMAL CLASSIFICATION NUMBER
Item number 76139
Classification number B823.08
100 ## - MAIN ENTRY--PERSONAL NAME
Personal name BLISHEN EDWARD
245 ## - TITLE STATEMENT
Title SCIENCE FICTION STORIES
250 ## - EDITION STATEMENT
Edition statement 1
260 ## - PUBLICATION, DISTRIBUTION, ETC. (IMPRINT)
Date of publication, distribution, etc 2008
300 ## - PHYSICAL DESCRIPTION
Extent 253
630 ## - SUBJECT ADDED ENTRY--UNIFORM TITLE
Uniform title SCIENCE FICTION STORIES
730 ## - ADDED ENTRY--UNIFORM TITLE
Uniform title SCIENCE FICTION STORIES
942 ## - ADDED ENTRY ELEMENTS (KOHA)
Koha item type Book

No items available.